[Event "29. Torneo Collado Villalba 2012 - B"]
[Site "Collado Villalba ESP"]
[Date "2012.08.28"]
[Round "5.33"]
[White "Lacaci Otero, Ivan"]
[Black "Tevar Becerra, Alvaro"]
[Result "1-0"]
[WhiteElo "1686"]
[BlackElo "1566"]
[PlyCount "88"]
[EventDate "2012.08.24"]
[EventType "swiss"]
[EventRounds "9"]
[EventCountry "ESP"]
[Source "lmi"]
[SourceDate "2012.08.24"]

1. e4 e5 2. Nc3 Nf6 3. f4 Nc6 4. Nf3 d6 5. d4 Bg4 6. Bb5 a6 7. Bxc6+ bxc6 8.
dxe5 dxe5 9. Qxd8+ Rxd8 10. Nxe5 Bb4 11. O-O Bxc3 12. bxc3 Be2 13. Nxc6 Bxf1
14. Nxd8 Bb5 15. Rb1 O-O 16. Nb7 Nxe4 17. Ba3 Rb8 18. Nc5 Nxc3 19. Rb3 Ne2+ 20.
Kf2 Re8 21. Re3 Rxe3 22. Kxe3 Nc3 23. g3 Nxa2 24. Kd4 a5 25. c4 Bc6 26. Na6 Bb7
27. Nxc7 Nb4 28. Bxb4 axb4 29. c5 Kf8 30. Kc4 b3 31. Kxb3 Ke7 32. Kc4 Kd7 33.
Nd5 Ba6+ 34. Kd4 Bf1 35. Ne3 Be2 36. g4 f6 37. h4 Bf3 38. g5 Ke6 39. f5+ Kd7
40. g6 hxg6 41. fxg6 Bh5 42. Nf5 Bxg6 43. Nxg7 Bh7 44. Nh5 f5 1-0

[Event "29. Torneo Collado Villalba 2012 - B"]
[Site "Collado Villalba ESP"]
[Date "2012.08.28"]
[Round "5.34"]
[White "Corral Sanchez, Jesus"]
[Black "Torres Alvarez, Augusto"]
[Result "1/2-1/2"]
[WhiteElo "1660"]
[BlackElo "1561"]
[PlyCount "58"]
[EventDate "2012.08.24"]
[EventType "swiss"]
[EventRounds "9"]
[EventCountry "ESP"]
[Source "lmi"]
[SourceDate "2012.08.24"]

1. e4 e6 2. d4 d5 3. e5 c5 4. c3 Nc6 5. Nf3 Qb6 6. a3 cxd4 7. cxd4 Nge7 8. b4
Nf5 9. Be3 Nxe3 10. fxe3 a6 11. Bd3 Be7 12. O-O f6 13. Qe2 f5 14. Nbd2 g5 15.
Nxg5 Bxg5 16. Qh5+ Kd7 17. Qxg5 Ne7 18. Rac1 Qd8 19. Nb3 b6 20. Rc2 Bb7 21.
Rfc1 Rc8 22. Qf4 Rxc2 23. Rxc2 Ng6 24. Qf1 Qg5 25. Qc1 Rc8 26. Rxc8 Bxc8 27. a4
Qe7 28. Qc3 Qd8 29. a5 Qc7 1/2-1/2

[Event "29. Torneo Collado Villalba 2012 - B"]
[Site "Collado Villalba ESP"]
[Date "2012.08.28"]
[Round "5.35"]
[White "Andres Garcia, Vicente"]
[Black "Salgado Duarte, Pablo"]
[Result "0-1"]
[WhiteElo "1647"]
[BlackElo "1564"]
[PlyCount "76"]
[EventDate "2012.08.24"]
[EventType "swiss"]
[EventRounds "9"]
[EventCountry "ESP"]
[Source "lmi"]
[SourceDate "2012.08.24"]

1. e4 e5 2. Nf3 Nc6 3. d4 exd4 4. Nxd4 d6 5. Nc3 Bd7 6. Be2 Nf6 7. Bf3 h6 8.
O-O Be7 9. Re1 O-O 10. Bf4 Re8 11. Nxc6 Bxc6 12. e5 Nh7 13. Bxc6 bxc6 14. Qg4
Bg5 15. exd6 Rxe1+ 16. Rxe1 cxd6 17. Rd1 Bxf4 18. Qxf4 d5 19. Qa4 Qc7 20. Re1
Nf6 21. h3 Rd8 22. Rd1 Qb6 23. b3 Re8 24. g3 Ne4 25. Nxe4 Rxe4 26. c4 Re2 27.
Rf1 d4 28. b4 d3 29. c5 Qd8 30. a3 d2 31. Qd1 Qe7 32. a4 Qe4 33. b5 cxb5 34.
axb5 Qd3 35. b6 axb6 36. cxb6 Re7 37. Qb1 Qxb1 38. Rxb1 Re1+ 0-1

[Event "29. Torneo Collado Villalba 2012 - B"]
[Site "Collado Villalba ESP"]
[Date "2012.08.28"]
[Round "5.37"]
[White "Melcon Diez, Enrique"]
[Black "Abad Martin-Camuñas, Luis"]
[Result "1-0"]
[WhiteElo "1637"]
[BlackElo "1387"]
[PlyCount "59"]
[EventDate "2012.08.24"]
[EventType "swiss"]
[EventRounds "9"]
[EventCountry "ESP"]
[Source "lmi"]
[SourceDate "2012.08.24"]

1. c4 e5 2. Nc3 Nf6 3. Nf3 d6 4. d4 exd4 5. Nxd4 c5 6. Ndb5 a6 7. Qa4 Bd7 8.
Bf4 Bc6 9. O-O-O Bxb5 10. Nxb5 axb5 11. Qxa8 Be7 12. Qxb7 O-O 13. Qxb5 Ne4 14.
Be3 Bg5 15. f4 Bf6 16. g3 Be7 17. Bg2 Nf6 18. Bxc5 Qc7 19. Bb6 Qd7 20. Qxd7
Nfxd7 21. Bc7 Rc8 22. Bxd6 Rxc4+ 23. Kb1 Bf6 24. Bxb8 Nxb8 25. Rc1 Rxc1+ 26.
Rxc1 Nd7 27. Rc8+ Nf8 28. f5 g6 29. fxg6 hxg6 30. a4 1-0

[Event "29. Torneo Collado Villalba 2012 - B"]
[Site "Collado Villalba ESP"]
[Date "2012.08.29"]
[Round "6.1"]
[White "Rodriguez Del Pino, Daniel"]
[Black "Tirado Parra, Alberto"]
[Result "0-1"]
[WhiteElo "1895"]
[BlackElo "1929"]
[PlyCount "96"]
[EventDate "2012.08.24"]
[EventType "swiss"]
[EventRounds "9"]
[EventCountry "ESP"]
[Source "lmi"]
[SourceDate "2012.08.24"]

1. e4 d5 2. exd5 Qxd5 3. d4 Nc6 4. Be3 e5 5. c4 Bb4+ 6. Nc3 Qa5 7. d5 Bxc3+ 8.
bxc3 Nce7 9. Qb3 Nf5 10. Bd2 Nf6 11. Be2 O-O 12. Qb4 Qb6 13. g4 Qxb4 14. cxb4
Nd4 15. g5 Nc2+ 16. Kd1 Nxa1 17. gxf6 Bf5 18. Nf3 Nc2 19. Nh4 Nd4 20. Nxf5 Nxf5
21. Bd3 Nd4 22. Rg1 g6 23. Be4 a5 24. b5 a4 25. h4 Rfd8 26. h5 c6 27. hxg6 hxg6
28. Bh6 Rd6 29. Bg7 Ne6 30. c5 Rdd8 31. d6 Nxg7 32. fxg7 Ra5 33. bxc6 bxc6 34.
Bxc6 Rxc5 35. Bxa4 Rxd6+ 36. Ke2 Kxg7 37. Bb3 Rdc6 38. Rd1 Rc7 39. Rd6 Rc3 40.
Rd8 Kf6 41. Kd2 Kf5 42. Rd6 R3c6 43. Rxc6 Rxc6 44. Bxf7 g5 45. a4 Kf4 46. Be8
Rc4 47. a5 Rc5 48. a6 Ra5 0-1

[Event "29. Torneo Collado Villalba 2012 - B"]
[Site "Collado Villalba ESP"]
[Date "2012.08.29"]
[Round "6.3"]
[White "Escalante Ortega, Fernando"]
[Black "Ruiz Escobar, Israel"]
[Result "0-1"]
[WhiteElo "1867"]
[BlackElo "1791"]
[PlyCount "114"]
[EventDate "2012.08.24"]
[EventType "swiss"]
[EventRounds "9"]
[EventCountry "ESP"]
[Source "lmi"]
[SourceDate "2012.08.24"]

1. e4 d5 2. exd5 Nf6 3. d4 Bg4 4. Be2 Bxe2 5. Qxe2 Qxd5 6. Nf3 Nc6 7. c3 e6 8.
O-O Bd6 9. h3 h6 10. Re1 Qh5 11. Ne5 Bxe5 12. Qxh5 Nxh5 13. dxe5 g5 14. Nd2
O-O-O 15. Nf3 Rd5 16. b3 Rhd8 17. Bb2 Nf4 18. Re3 Rd1+ 19. Rxd1 Rxd1+ 20. Kh2
Rf1 21. Kg3 Ne7 22. Re1 Nf5+ 23. Kg4 Rxf2 24. Nxg5 hxg5 25. Bc1 Rxg2+ 26. Kf3
Rg3+ 27. Ke4 Nxh3 28. Be3 Rxe3+ 29. Rxe3 Nxe3 30. Kxe3 g4 31. a4 a5 32. b4 b6
33. b5 c6 34. c4 cxb5 35. cxb5 Kd7 36. Ke4 Ke7 37. Ke3 f6 38. exf6+ Kxf6 39.
Ke4 Kg5 40. Ke5 g3 41. Kxe6 g2 42. Kd6 g1=Q 43. Kc6 Kf6 44. Kb7 Ke7 45. Kc6 Ke6
46. Kc7 Qc5+ 47. Kb7 Kd7 48. Kb8 Nf4 49. Kb7 Nd3 50. Kb8 Nb2 51. Ka7 Nxa4 52.
Ka6 Nc3 53. Kb7 a4 54. Ka6 a3 55. Kb7 a2 56. Kb8 Qc7+ 57. Ka8 a1=R# 0-1

[Event "29. Torneo Collado Villalba 2012 - B"]
[Site "Collado Villalba ESP"]
[Date "2012.08.29"]
[Round "6.6"]
[White "Camarero Izquierdo, Juan Carlos"]
[Black "Garcia Diaz, Alejandro"]
[Result "1-0"]
[WhiteElo "1881"]
[BlackElo "1767"]
[PlyCount "65"]
[EventDate "2012.08.24"]
[EventType "swiss"]
[EventRounds "9"]
[EventCountry "ESP"]
[Source "lmi"]
[SourceDate "2012.08.24"]

1. d4 Nf6 2. Nc3 d5 3. Bg5 Bf5 4. e3 e6 5. Bd3 Bg6 6. Bxg6 hxg6 7. Qd3 c6 8.
Nf3 Be7 9. Ne5 Nbd7 10. f4 Nxe5 11. fxe5 Ng4 12. Bf4 Bh4+ 13. g3 Be7 14. e4 Qd7
15. Qe2 Nh6 16. exd5 exd5 17. Bxh6 Rxh6 18. O-O-O O-O-O 19. Rhf1 Qe6 20. Rf3 f6
21. Rdf1 Qg4 22. Qf2 Rdh8 23. h4 g5 24. hxg5 Qxg5+ 25. Kb1 Rh2 26. Qe1 Rg2 27.
exf6 Bxf6 28. Qe6+ Kc7 29. Na4 Qd2 30. Qf7+ Kb8 31. Rb3 Qxc2+ 32. Ka1 Rc8 33.
Qxb7# 1-0

[Event "29. Torneo Collado Villalba 2012 - B"]
[Site "Collado Villalba ESP"]
[Date "2012.08.29"]
[Round "6.7"]
[White "Garcia Hernandez, Javier"]
[Black "Perez Alvarez, Javier"]
[Result "0-1"]
[WhiteElo "1721"]
[BlackElo "1834"]
[PlyCount "166"]
[EventDate "2012.08.24"]
[EventType "swiss"]
[EventRounds "9"]
[EventCountry "ESP"]
[Source "lmi"]
[SourceDate "2012.08.24"]

1. d4 d5 2. c4 e6 3. Nc3 Be7 4. Bf4 Nf6 5. e3 c6 6. Nf3 Nbd7 7. Bd3 O-O 8. h3
dxc4 9. Bxc4 b5 10. Be2 a6 11. O-O c5 12. dxc5 Nxc5 13. Nd4 Bb7 14. Bf3 Qb6 15.
Bxb7 Qxb7 16. Qe2 Rac8 17. Rfd1 b4 18. Nb1 Nd5 19. Be5 Nd7 20. Bg3 Bf6 21. Nd2
Bxd4 22. exd4 Rc2 23. Rab1 Rfc8 24. Qd3 Qc6 25. Nb3 Qc4 26. Qf1 Kf8 27. Rbc1
Qxf1+ 28. Kxf1 Ke8 29. Rxc2 Rxc2 30. Rd2 Rxd2 31. Nxd2 N7b6 32. Ke2 Kd7 33. Kd3
Kc6 34. Nc4 Nxc4 35. Kxc4 h5 36. Be5 g6 37. Bg3 a5 38. Be5 Nb6+ 39. Kd3 a4 40.
g4 hxg4 41. hxg4 Kd5 42. Bf4 Nc8 43. f3 Na7 44. Bd2 Nc6 45. b3 axb3 46. axb3
Nxd4 47. Bxb4 Nxb3 48. f4 Nd4 49. Bc3 Nb5 50. Bb2 Nd6 51. Ba1 Ne4 52. Ke3 Nc5
53. Bc3 f5 54. gxf5 gxf5 55. Ba1 Kc4 56. Be5 Nd3 57. Bf6 Nb4 58. Be5 Nd5+ 59.
Kf3 Kd3 60. Bd6 Nb6 61. Kg3 Ke4 62. Kh4 Nc4 63. Bc7 Ne3 64. Kg5 Kf3 65. Bb8 Nd5
66. Bd6 Ke4 67. Bb8 Nb4 68. Kf6 Kd5 69. Kg5 Nd3 70. Bc7 Nf2 71. Kh4 Ke4 72. Bb8
Kf3 73. Bc7 Ke4 74. Bb8 Ng4 75. Bc7 e5 76. fxe5 Nxe5 77. Bxe5 Kxe5 78. Kg3 Ke4
79. Kf2 Kf4 80. Kg2 Ke3 81. Kf1 f4 82. Ke1 f3 83. Kf1 f2 0-1

[Event "29. Torneo Collado Villalba 2012 - B"]
[Site "Collado Villalba ESP"]
[Date "2012.08.29"]
[Round "6.8"]
[White "Dominguez Coig, Alvaro"]
[Black "Leniz Martinez, Francisco"]
[Result "1-0"]
[WhiteElo "1689"]
[BlackElo "1834"]
[PlyCount "69"]
[EventDate "2012.08.24"]
[EventType "swiss"]
[EventRounds "9"]
[EventCountry "ESP"]
[Source "lmi"]
[SourceDate "2012.08.24"]

1. e4 c5 2. Nf3 e6 3. d4 cxd4 4. Nxd4 a6 5. Nc3 Qc7 6. f4 d6 7. Be3 Nf6 8. Qf3
Be7 9. O-O-O Bd7 10. g4 h6 11. Bg2 Nc6 12. g5 Nxd4 13. Bxd4 e5 14. gxf6 Bxf6
15. fxe5 Bg5+ 16. Kb1 Qc8 17. h3 dxe5 18. Bxe5 O-O 19. Nd5 Qc6 20. h4 Bd8 21.
Qg3 f6 22. Bf4 Kh8 23. Rhg1 Rc8 24. Rd2 Rf7 25. Bf3 g5 26. hxg5 hxg5 27. Bxg5
fxg5 28. Rh1+ Kg8 29. Rdh2 Bf6 30. e5 Rh7 31. Ne7+ Bxe7 32. Bxc6 Rxh2 33. Qxh2
Rxc6 34. Qh8+ Kf7 35. Rh7+ 1-0

[Event "29. Torneo Collado Villalba 2012 - B"]
[Site "Collado Villalba ESP"]
[Date "2012.08.29"]
[Round "6.9"]
[White "Martinez Montalvo, Eduardo"]
[Black "Perez Vazquez, Manuel"]
[Result "1-0"]
[WhiteElo "1825"]
[BlackElo "1757"]
[PlyCount "67"]
[EventDate "2012.08.24"]
[EventType "swiss"]
[EventRounds "9"]
[EventCountry "ESP"]
[Source "lmi"]
[SourceDate "2012.08.24"]

1. e4 Nf6 2. Nc3 d5 3. d4 Nxe4 4. Nxe4 dxe4 5. Bc4 Qd6 6. c3 Qg6 7. g3 e5 8.
dxe5 Nd7 9. e6 fxe6 10. Nh3 Ne5 11. Nf4 Qf5 12. Be2 Nd3+ 13. Nxd3 exd3 14. Bxd3
Qd5 15. O-O g6 16. Re1 Bd7 17. Bf4 Bd6 18. Bxd6 cxd6 19. Bxg6+ Kf8 20. Qxd5
exd5 21. Bh5 Be8 22. Bxe8 Rxe8 23. Rxe8+ Kxe8 24. Rd1 Kd7 25. Rxd5 Re8 26. Kf1
Kc6 27. Rd2 Re5 28. f4 Ra5 29. g4 Rxa2 30. f5 Ra1+ 31. Kg2 Ra5 32. f6 Kd7 33.
Re2 Rb5 34. f7 1-0

[Event "29. Torneo Collado Villalba 2012 - B"]
[Site "Collado Villalba ESP"]
[Date "2012.08.29"]
[Round "6.10"]
[White "Juberias Guillen, Paloma"]
[Black "De Dompablo Fantova, Juan"]
[Result "1-0"]
[WhiteElo "1788"]
[BlackElo "1669"]
[PlyCount "89"]
[EventDate "2012.08.24"]
[EventType "swiss"]
[EventRounds "9"]
[EventCountry "ESP"]
[Source "lmi"]
[SourceDate "2012.08.24"]

1. d4 Nf6 2. c4 g6 3. Nc3 Bg7 4. e4 d6 5. f3 O-O 6. Be3 e5 7. d5 a5 8. Qd2 Na6
9. g4 Bd7 10. h4 h5 11. g5 Ne8 12. Nh3 Nc5 13. Bg2 a4 14. Rf1 Rb8 15. Rb1 b5
16. b4 axb3 17. axb3 bxc4 18. bxc4 Rxb1+ 19. Nxb1 Qb8 20. Qc2 Ba4 21. Qa2 Bb3
22. Qa1 Bxc4 23. Rh1 Nd3+ 24. Kd2 Nf4 25. Nxf4 exf4 26. Bd4 Qb4+ 27. Bc3 Qc5
28. Bxg7 Nxg7 29. Qb2 Qe3+ 30. Kc2 Ra8 31. Nc3 Bd3+ 32. Kd1 Qd4 33. Ke1 Kh7 34.
Bf1 Qe3+ 35. Be2 Bxe2 36. Nxe2 Qxf3 37. Rf1 Qxe4 38. Rxf4 Qh1+ 39. Kf2 Qxd5 40.
Qc3 c5 41. Rf6 Ra2 42. Qf3 Qd4+ 43. Kg3 Nf5+ 44. Rxf5 gxf5 45. Nxd4 1-0

[Event "29. Torneo Collado Villalba 2012 - B"]
[Site "Collado Villalba ESP"]
[Date "2012.08.29"]
[Round "6.11"]
[White "Palenciano Escolar, Adrian"]
[Black "Fernandez Lago, David"]
[Result "1/2-1/2"]
[WhiteElo "1640"]
[BlackElo "1976"]
[PlyCount "82"]
[EventDate "2012.08.24"]
[EventType "swiss"]
[EventRounds "9"]
[EventCountry "ESP"]
[Source "lmi"]
[SourceDate "2012.08.24"]

1. e4 c5 2. Nf3 Nc6 3. d4 cxd4 4. Nxd4 Nf6 5. Nc3 e6 6. Be3 Bb4 7. f3 d5 8. Bb5
Qc7 9. O-O Bxc3 10. bxc3 O-O 11. Bd3 e5 12. Nb5 Qd8 13. exd5 Nxd5 14. Bc5 Re8
15. Be4 Qa5 16. Qxd5 Qxb5 17. Bf2 Qxd5 18. Bxd5 Bf5 19. Rab1 Rad8 20. Bb3 Rd2
21. Be3 Re2 22. Rbe1 Rxe1 23. Rxe1 Rd8 24. Kf2 b6 25. Bg5 Rd6 26. g4 Be6 27.
Ke2 f6 28. Be3 Kf7 29. Rd1 Ke7 30. Rxd6 Kxd6 31. Kd3 Bc8 32. h4 Ba6+ 33. Kd2
Na5 34. Ke1 Nc4 35. Bc1 Bb5 36. Kf2 a5 37. a4 Ba6 38. h5 Kc5 39. h6 g5 40. Be3+
Kc6 41. Ke2 b5 1/2-1/2

[Event "29. Torneo Collado Villalba 2012 - B"]
[Site "Collado Villalba ESP"]
[Date "2012.08.29"]
[Round "6.13"]
[White "Suarez Paz, Alfonso"]
[Black "Tolosana Esteban, Enrique"]
[Result "0-1"]
[WhiteElo "1857"]
[BlackElo "1761"]
[PlyCount "46"]
[EventDate "2012.08.24"]
[EventType "swiss"]
[EventRounds "9"]
[EventCountry "ESP"]
[Source "lmi"]
[SourceDate "2012.08.24"]

1. e4 Nc6 2. d4 d5 3. e5 Bf5 4. c3 e6 5. Nf3 Be7 6. Be2 Qd7 7. O-O h5 8. Bf4 h4
9. h3 O-O-O 10. b4 f6 11. exf6 gxf6 12. a4 Nh6 13. Nxh4 Bd6 14. Bxd6 Qxd6 15.
Nxf5 Nxf5 16. Qd3 Rdg8 17. Kh1 Qf4 18. Nd2 Rg6 19. Rad1 Nh4 20. g3 Qg5 21. Nf3
Nxf3 22. Bxf3 Rxh3+ 23. Kg2 Rxg3+ 0-1

[Event "29. Torneo Collado Villalba 2012 - B"]
[Site "Collado Villalba ESP"]
[Date "2012.08.29"]
[Round "6.14"]
[White "Cabrera Jimenez, Julio"]
[Black "Gonzalez Del Valls, Javier"]
[Result "1-0"]
[WhiteElo "1843"]
[BlackElo "1754"]
[PlyCount "53"]
[EventDate "2012.08.24"]
[EventType "swiss"]
[EventRounds "9"]
[EventCountry "ESP"]
[Source "lmi"]
[SourceDate "2012.08.24"]

1. e4 c5 2. Nf3 d6 3. d4 cxd4 4. Nxd4 Nf6 5. Nc3 a6 6. Be3 e6 7. f3 b5 8. g4 h6
9. Qd2 Nbd7 10. O-O-O Bb7 11. Rg1 b4 12. Nce2 d5 13. exd5 Nxd5 14. Bf2 Ne5 15.
Ng3 Rc8 16. Kb1 Qc7 17. Ne4 Nc4 18. Bxc4 Qxc4 19. Bg3 a5 20. Bd6 Qa6 21. Bxf8
Kxf8 22. g5 Ne7 23. Nd6 Nd5 24. Nxc8 Bxc8 25. g6 f6 26. Rge1 e5 27. Nb3 1-0

[Event "29. Torneo Collado Villalba 2012 - B"]
[Site "Collado Villalba ESP"]
[Date "2012.08.29"]
[Round "6.15"]
[White "Alvarez Escudero, Manuel"]
[Black "Liceras Ruiz, Manuel"]
[Result "1-0"]
[WhiteElo "1826"]
[BlackElo "1736"]
[PlyCount "63"]
[EventDate "2012.08.24"]
[EventType "swiss"]
[EventRounds "9"]
[EventCountry "ESP"]
[Source "lmi"]
[SourceDate "2012.08.24"]

1. e4 Nf6 2. e5 Nd5 3. Bc4 Nb6 4. Bb3 d6 5. d4 Nc6 6. Qf3 d5 7. c3 g6 8. Ne2
Bg7 9. Bg5 O-O 10. Bh4 f6 11. exf6 Bxf6 12. Bxf6 Rxf6 13. Qg3 Bf5 14. O-O Na5
15. Nd2 Nxb3 16. axb3 Qd6 17. Nf4 Kh8 18. Nf3 Be4 19. Ne5 Nd7 20. Qg5 Nf8 21.
Rfe1 Bf5 22. h4 Ne6 23. Nxe6 Bxe6 24. g4 Raf8 25. Re2 a6 26. Rae1 Kg7 27. h5 h6
28. Qe3 gxh5 29. gxh5 Bf5 30. Qg3+ Kh7 31. Kh2 Be4 32. Rg1 1-0

[Event "29. Torneo Collado Villalba 2012 - B"]
[Site "Collado Villalba ESP"]
[Date "2012.08.29"]
[Round "6.16"]
[White "Galan Aguado, Fernando"]
[Black "Roldan Garcia, Angel"]
[Result "1/2-1/2"]
[WhiteElo "1820"]
[BlackElo "1734"]
[PlyCount "102"]
[EventDate "2012.08.24"]
[EventType "swiss"]
[EventRounds "9"]
[EventCountry "ESP"]
[Source "lmi"]
[SourceDate "2012.08.24"]

1. d4 Nf6 2. Nf3 g6 3. Bf4 Bg7 4. e3 O-O 5. h3 d6 6. Be2 Nbd7 7. c3 Qe8 8. O-O
e5 9. Bh2 b6 10. Nbd2 Bb7 11. Re1 Qe7 12. Nc4 e4 13. Nfd2 d5 14. Na3 Ne8 15. c4
c6 16. cxd5 cxd5 17. Qb3 f5 18. Rac1 a6 19. Rc3 Qf7 20. Nc2 g5 21. Rf1 f4 22.
Nxe4 Qe7 23. Nd2 Kh8 24. Bf3 Qd6 25. Nb4 Nef6 26. Rfc1 Ne4 27. Nxe4 dxe4 28.
Bg4 Nf6 29. Be2 a5 30. Rc7 Rac8 31. Rxc8 Bxc8 32. Nc6 Bd7 33. Ne5 Be6 34. Qc3
Nd5 35. Qc6 Bxe5 36. dxe5 Qxe5 37. Qb5 Qf6 38. Rf1 f3 39. gxf3 exf3 40. Bc4 Qf5
41. Re1 Qxh3 42. Bf1 Qg4+ 43. Bg3 h5 44. Qd3 h4 45. Qd4+ Qxd4 46. exd4 hxg3 47.
Rxe6 gxf2+ 48. Kxf2 Rf4 49. Re5 Rxd4 50. Rxg5 Nb4 51. Kxf3 Nxa2 1/2-1/2

[Event "29. Torneo Collado Villalba 2012 - B"]
[Site "Collado Villalba ESP"]
[Date "2012.08.29"]
[Round "6.18"]
[White "Martin Garcia, Francisco Javier"]
[Black "Diaz Begonte, Manuel"]
[Result "0-1"]
[WhiteElo "1603"]
[BlackElo "1776"]
[PlyCount "82"]
[EventDate "2012.08.24"]
[EventType "swiss"]
[EventRounds "9"]
[EventCountry "ESP"]
[Source "lmi"]
[SourceDate "2012.08.24"]

1. d4 d5 2. c4 c6 3. Nf3 Nf6 4. e3 Bf5 5. Qb3 Qb6 6. c5 Qxb3 7. axb3 Nbd7 8.
Na3 Ne4 9. Nh4 Bg6 10. Nxg6 hxg6 11. b4 e5 12. b5 Be7 13. bxc6 bxc6 14. b4 Kd8
15. b5 Kc7 16. bxc6 Kxc6 17. Bb5+ Kc7 18. Bd3 Ndf6 19. Nb5+ Kc6 20. Ra6+ Kb7
21. Na3 exd4 22. exd4 Bxc5 23. f3 Bb4+ 24. Ke2 Ng3+ 25. hxg3 Rxh1 26. Bg5 Re1+
27. Kf2 Rae8 28. Nc2 Rb1 29. Nxb4 Rxb4 30. Bxf6 gxf6 31. Rxf6 Re7 32. g4 Rxd4
33. Ba6+ Kc7 34. g5 Rd2+ 35. Kg3 Rb2 36. Bd3 Rb6 37. Rf4 Rb3 38. Bc2 Ra3 39.
Rd4 Kc6 40. Rf4 a5 41. Ba4+ Kc5 0-1

[Event "29. Torneo Collado Villalba 2012 - B"]
[Site "Collado Villalba ESP"]
[Date "2012.08.29"]
[Round "6.19"]
[White "Neila Ausin, Eva"]
[Black "Garcia Serrano, Jose Manuel"]
[Result "0-1"]
[WhiteElo "1738"]
[BlackElo "1912"]
[PlyCount "78"]
[EventDate "2012.08.24"]
[EventType "swiss"]
[EventRounds "9"]
[EventCountry "ESP"]
[Source "lmi"]
[SourceDate "2012.08.24"]

1. d4 Nf6 2. c4 e5 3. dxe5 Ne4 4. Nf3 b6 5. a3 Bc5 6. e3 a5 7. Nbd2 Ng5 8. Be2
Bb7 9. Nb3 Ne4 10. O-O O-O 11. Nbd4 Qe7 12. Bd2 Nc6 13. Qc2 Nxe5 14. Bc3 Nxc3
15. Qxc3 d6 16. Nf5 Qf6 17. N3d4 Qg5 18. Ng3 Ng6 19. Nf3 Bxf3 20. Bxf3 d5 21.
cxd5 Rad8 22. Rad1 Nh4 23. e4 Rfe8 24. h3 Qxg3 25. Rd3 Qe5 26. Qd2 Nxf3+ 27.
gxf3 Bd6 28. Rd1 Qh2+ 29. Kf1 Qxh3+ 30. Ke2 Qh2 31. Rf1 Bf4 32. Qc3 f5 33. Qc4
b5 34. Qxb5 fxe4 35. fxe4 Rxe4+ 36. Kd1 Qg2 37. Rb3 Rd4+ 38. Kc2 Qxd5 39. a4
Qe4+ 0-1

[Event "29. Torneo Collado Villalba 2012 - B"]
[Site "Collado Villalba ESP"]
[Date "2012.08.29"]
[Round "6.20"]
[White "Pimienta Sanchez, Manuel"]
[Black "Sanz Varea, Jose M"]
[Result "0-1"]
[WhiteElo "1890"]
[BlackElo "1710"]
[PlyCount "82"]
[EventDate "2012.08.24"]
[EventType "swiss"]
[EventRounds "9"]
[EventCountry "ESP"]
[Source "lmi"]
[SourceDate "2012.08.24"]

1. d4 f5 2. c4 Nf6 3. Nc3 e6 4. Bg5 Bb4 5. Nf3 O-O 6. e3 Qe8 7. Bxf6 Rxf6 8.
Qb3 Bxc3+ 9. Qxc3 b6 10. Be2 Bb7 11. Rd1 d6 12. d5 e5 13. O-O Nd7 14. b4 Qg6
15. a4 Rc8 16. Kh1 c6 17. Qb3 Kh8 18. Rc1 c5 19. b5 e4 20. Nh4 Qh6 21. g3 g5
22. Ng2 Qh3 23. Qc3 Ne5 24. f4 Rh6 25. Nh4 gxh4 26. gxh4 Qxh4 27. Bh5 Qxh5 28.
Rc2 Re8 29. fxe5 dxe5 30. Rg2 Bc8 31. a5 Qh3 32. Rfg1 Qf3 33. axb6 axb6 34. Qa1
f4 35. Rf1 Qxe3 36. Rfg1 Qf3 37. Rf1 Qh5 38. Rfg1 f3 39. Rc2 e3 40. Qa7 Rg6 41.
Rcc1 f2 0-1

[Event "29. Torneo Collado Villalba 2012 - B"]
[Site "Collado Villalba ESP"]
[Date "2012.08.29"]
[Round "6.21"]
[White "Cano Mercado, Francisco Manuel"]
[Black "Sadaba Rodriguez, Igor"]
[Result "1/2-1/2"]
[WhiteElo "1887"]
[BlackElo "1702"]
[PlyCount "65"]
[EventDate "2012.08.24"]
[EventType "swiss"]
[EventRounds "9"]
[EventCountry "ESP"]
[Source "lmi"]
[SourceDate "2012.08.24"]

1. d4 d5 2. c4 c6 3. Nf3 Nf6 4. g3 dxc4 5. Bg2 b5 6. O-O Bb7 7. a4 a6 8. Ne5
Qb6 9. Nc3 e6 10. e3 Be7 11. Bd2 O-O 12. b3 cxb3 13. Qxb3 Nbd7 14. Nxd7 Nxd7
15. Ne4 a5 16. Rfc1 b4 17. Rc2 c5 18. Nxc5 Bxc5 19. Bxb7 Qxb7 20. dxc5 Rac8 21.
Rac1 Rc6 22. e4 Rfc8 23. Be3 h6 24. Bd4 Qc7 25. Qc4 Ne5 26. Bxe5 Qxe5 27. f4
Qc7 28. Kf2 Qa7 29. Kf3 Qe7 30. Qb5 Qc7 31. Qc4 Qe7 32. Qb5 Qc7 33. Qc4 1/2-1/2

[Event "29. Torneo Collado Villalba 2012 - B"]
[Site "Collado Villalba ESP"]
[Date "2012.08.29"]
[Round "6.23"]
[White "Alvarez Romero, Carlos"]
[Black "Rodriguez Bachiller, Luis"]
[Result "1-0"]
[WhiteElo "1701"]
[BlackElo "1813"]
[PlyCount "101"]
[EventDate "2012.08.24"]
[EventType "swiss"]
[EventRounds "9"]
[EventCountry "ESP"]
[Source "lmi"]
[SourceDate "2012.08.24"]

1. e4 e6 2. Nf3 d5 3. exd5 exd5 4. d4 Bd6 5. Nc3 c6 6. Be2 Bf5 7. Bg5 Nf6 8.
O-O O-O 9. Qd2 Nbd7 10. Rae1 Qc7 11. Bh4 Bf4 12. Qd1 Rfe8 13. Bg3 Ne4 14. Nh4
Nxc3 15. bxc3 Bxg3 16. fxg3 Be4 17. Bd3 Nf6 18. Nf3 Re7 19. Ng5 Bxd3 20. cxd3
Rae8 21. Nf3 h6 22. Qa4 b5 23. Qb4 a5 24. Qc5 Rxe1 25. Rxe1 Rxe1+ 26. Nxe1 Ne8
27. Nf3 f6 28. Qa3 Nd6 29. Qc1 Qe7 30. Qe1 Kf7 31. Kf2 Qxe1+ 32. Nxe1 b4 33.
cxb4 axb4 34. Nc2 Nb5 35. Ke3 Ke6 36. Nxb4 Na7 37. a4 Kd6 38. Kd2 c5 39. dxc5+
Kxc5 40. Kc3 d4+ 41. Kb3 Kb6 42. Kc4 Ka5 43. Nc2 Nc6 44. Nxd4 Ne5+ 45. Kc3 Kxa4
46. Nf5 Ng4 47. h3 Ne5 48. Nxg7 Kb5 49. Ne8 Nd7 50. Kd4 Kc6 51. g4 1-0

[Event "29. Torneo Collado Villalba 2012 - B"]
[Site "Collado Villalba ESP"]
[Date "2012.08.29"]
[Round "6.24"]
[White "Rodriguez Del Moral, Angel"]
[Black "Martinez Martinez, Manuel II"]
[Result "1-0"]
[WhiteElo "1780"]
[BlackElo "1700"]
[PlyCount "55"]
[EventDate "2012.08.24"]
[EventType "swiss"]
[EventRounds "9"]
[EventCountry "ESP"]
[Source "lmi"]
[SourceDate "2012.08.24"]

1. d4 Nf6 2. Nf3 d5 3. Bg5 Nbd7 4. e3 e6 5. Nbd2 Be7 6. Bd3 c6 7. c3 Qc7 8. Bf4
Bd6 9. Bg3 O-O 10. Qc2 h6 11. e4 dxe4 12. Bxe4 Re8 13. O-O-O b5 14. c4 Ng4 15.
Rdf1 Ba6 16. Bd3 Bxg3 17. hxg3 bxc4 18. Nxc4 Bxc4 19. Bxc4 Nb6 20. Bb3 Rac8 21.
Rh4 f5 22. Qxf5 Nd5 23. Qxg4 Nf6 24. Bxe6+ Kf8 25. Qf5 Rb8 26. Ne5 Ke7 27. Bb3
Rb5 28. Qe6+ 1-0

[Event "29. Torneo Collado Villalba 2012 - B"]
[Site "Collado Villalba ESP"]
[Date "2012.08.29"]
[Round "6.25"]
[White "Lacaci Otero, Ivan"]
[Black "Garcia Andrinal, Antonio"]
[Result "1-0"]
[WhiteElo "1686"]
[BlackElo "1774"]
[PlyCount "45"]
[EventDate "2012.08.24"]
[EventType "swiss"]
[EventRounds "9"]
[EventCountry "ESP"]
[Source "lmi"]
[SourceDate "2012.08.24"]

1. e4 c5 2. Nf3 d6 3. d4 cxd4 4. Nxd4 Nf6 5. Nc3 g6 6. f3 Bg7 7. Be3 Nc6 8. Qd2
O-O 9. O-O-O Bd7 10. h4 Rc8 11. Kb1 Ne5 12. g4 Nxf3 13. Nxf3 Bxg4 14. Be2 Qc7
15. Nd4 Bxe2 16. Ndxe2 Ng4 17. Nd5 Qd7 18. Bxa7 Ra8 19. Bd4 Rxa2 20. Nb6 Qe6
21. Bxg7 Kxg7 22. Nd4 Rfa8 23. Nxe6+ 1-0